Central Library OPAC University of Rajshahi

Economic principles : (Record no. 1953)

MARC details
000 -LEADER
fixed length control field 00791nam a22002417a 4500
001 - CONTROL NUMBER
control field 1953
003 - CONTROL NUMBER IDENTIFIER
rucl marc code BD-RjUL
005 - DATE AND TIME OF LATEST TRANSACTION
control field 20211208233441.0
008 - FIXED-LENGTH DATA ELEMENTS--GENERAL INFORMATION
fixed length control field 131210s1986 xxua 001 0 eng d
020 ## - INTERNATIONAL STANDARD BOOK NUMBER
International Standard Book Number 087055509x
035 ## - SYSTEM CONTROL NUMBER
System control number (BD-RjUL)1980
040 ## - CATALOGING SOURCE
Original cataloging agency BD-RjUL
Language of cataloging eng
Transcribing agency BD-RjUL
041 ## - LANGUAGE CODE
Language code of text/sound track or separate title eng
082 4# - DEWEY DECIMAL CLASSIFICATION NUMBER
Edition number 16
Classification number 330
Author mark and year KOE 1986
100 ## - MAIN ENTRY--PERSONAL NAME
Personal name Koch, A. Robert
9 (RLIN) 6451
245 ## - TITLE STATEMENT
Title Economic principles :
Remainder of title growth and environment /
Statement of responsibility, etc. A Robert Koch.
260 ## - PUBLICATION, DISTRIBUTION, ETC. (IMPRINT)
Place of publication, distribution, etc. Westport, Conn. :
Name of publisher, distributor, etc. AVI Pub. Co. ,
Date of publication, distribution, etc. c1986.
300 ## - PHYSICAL DESCRIPTION
Pagination xii, 212 p. :
Illustrations ill. :
Size 23 cm.
504 ## - BIBLIOGRAPHY, ETC. NOTE
Bibliography, etc Includes bibliographical references and index.
650 ## - SUBJECT ADDED ENTRY--TOPICAL TERM
Topical term or geographic name as entry element Economics.
9 (RLIN) 6452
856 ## - ELECTRONIC LOCATION AND ACCESS
Uniform Resource Identifier <a href="http://www.worldcat.org/title/economic-principles-growth-and-environment/oclc/12807658&referer=brief_results">http://www.worldcat.org/title/economic-principles-growth-and-environment/oclc/12807658&referer=brief_results</a>
942 ## - ADDED ENTRY ELEMENTS (KOHA)
Source of classification or shelving scheme Dewey Decimal Classification
Koha item type Books
Holdings
Lost status Source of classification or shelving scheme Damaged status Not for loan Collection code Permanent Location Current Location Shelving location Date acquired Source of acquisition Total Checkouts Full call number Date last seen Copy number Koha item type
  Dewey Decimal Classification     Non-fiction Central Library, University of Rajshahi Central Library, University of Rajshahi   05/10/1991 Asia foundation   330 KOE 1986 10/12/2013 C-3 Books